000250869 001__ 250869
000250869 005__ 20230112002148.0
000250869 0247_ $$2EXP:(DE-Ds200)$$aEXP:(DE-Ds200)UBio08_Jakob-20221208
000250869 035__ $$aEXP:(DE-Ds200)UBio08_Jakob-20221208
000250869 150__ $$aRadiation-Induced DNA Damage Response in Dependency of Cell Metabolism, Chromatin Structure and DNA Repair (Station: X6)
000250869 371__ $$aJakob, Burkhard
000250869 450__ $$aUBio08_Jakob$$wd
000250869 550__ $$0EXP:(DE-Ds200)X6-20200803$$aX6$$wt
000250869 550__ $$0G:(DE-HGF)POF4-633$$aPOF4-633
000250869 750_7 $$0V:(DE-HGF)12$$2V:(DE-HGF)$$aExperiment
000250869 751_7 $$2DE-HGF$$aIGN_4_I:(DE-H253)HAS-User-20120731 [DESY]
000250869 751_7 $$2DE-HGF$$aIGN_4_DESY [DESY]
000250869 751_7 $$2DE-HGF$$aIGN_4_DKFZ [DKFZ]
000250869 751_7 $$2DE-HGF$$aIGN_4_IMPULSE
000250869 751_7 $$2DE-HGF$$aIGN_4_DZNE [DZNE]
000250869 909CO $$ooai:repository.gsi.de:250869$$pauthority:Experiment$$pauthority
000250869 980__ $$aEXPERIMENT
000250869 980__ $$aAUTHORITY